000 00347 a2200157 4500
001 75565
020 _a9788581815947
040 _cAnchieta - Colégio São Paulo
100 _aYamã,Yaguarê
240 1 0 _aJapii e Jakãmi:
_lpor
245 1 0 _aJapii e Jakãmi:
300 _a32
362 0 _a2014
650 4 _aLiteratura infantil
942 _cBK
999 _c75565
_d75565